Kitāb Aʻjab al-ʻajab fī sharḥ Lāmīyat al-ʻArab /
Main Author:
Format: Book
Language: Arabic
Published:
Miṣr :
Maḥmūd Aḥmad,
1324 [1906].
Edition: al-Tāba'h 2.
Subjects:
Tags: Add Tag
Call Number: PJ7696 .S5 Z972 1906
| LEADER | 01266nam a2200265Ia 4500 | ||
|---|---|---|---|
| 003 | OSt | ||
| 005 | 20231023075534.0 | ||
| 008 | 130303s1906 ua 000 0dara d | ||
| 952 | |0 0 |1 0 |2 lcc |4 0 |6 PJ7696 S5 Z972 01906 |7 1 |9 51004 |a ARCE |b ARCE |d 2023-10-23 |l 0 |o PJ7696 .S5 Z972 1906 |p 1030839 |r 2023-10-23 00:00:00 |w 2023-10-23 |y BK | ||
| 999 | |c 26407 |d 26407 | ||
| 040 | |c ARCE Library | ||
| 050 | 4 | |a PJ7696 .S5 Z972 1906 | |
| 100 | 1 | |6 880-01 |a Zamakhsharī, Maḥmūd ibn ʿUmar, |d 1075-1144, |e author | |
| 240 | 1 | 0 | |a Aʻjab al-ʻajab fī sharḥ Lāmīyat al-ʻArab. |
| 245 | 1 | 0 | |6 880-02 |a Kitāb Aʻjab al-ʻajab fī sharḥ Lāmīyat al-ʻArab / |c Maḥmūd ibn ʻUmar al-Zamakhsharī. |
| 250 | |a al-Tāba'h 2. | ||
| 264 | 1 | |a Miṣr : |b Maḥmūd Aḥmad, |c 1324 [1906]. | |
| 300 | |a 152 pages ; |c 20 cm. | ||
| 500 | |a Library has also 1910 ed. | ||
| 650 | 0 | |a Arabic poetry |x History and criticism. | |
| 740 | 0 | |a Lāmīyat al-ʻArab. | |
| 880 | 1 | |6 100-01/(3/r |a زمخشري، محمود بن عمر, |d 1075-1144. | |
| 880 | 1 | 0 | |6 245-02/(3/r |a كتاب أعجب العجب في شرح لامية العرب |c محمود بن عمر الزمخشري |
| 901 | |a reviewed | ||
| 942 | |c BK |2 lcc | ||
